| 000 | 00857nam a2200253 i 4500 | ||
|---|---|---|---|
| 001 | 185994 | ||
| 003 | SpMaBN | ||
| 005 | 20250827232517.0 | ||
| 008 | 160901s1991 sp |||| | spa d | ||
| 020 | _a84-306-0243-7 | ||
| 080 | _a801.54 | ||
| 100 | 1 |
_aUllmann, Stephen. _9111936 |
|
| 245 | 1 | 0 |
_aSemántica _b: introducción a la ciencia del significado / _cStephen Ullmann ; traducción de Juan Martín Ruiz-Werner. |
| 260 |
_aMadrid : _bTaurus, _c[1991] |
||
| 300 |
_aXIV, 320 p. ; _c22 cm. |
||
| 490 | 1 |
_aHumanidades ; _v338. _aLingüística |
|
| 500 | _aÍndice. | ||
| 504 | _aBibliografía: p. 299-307. | ||
| 650 | 0 | 7 |
_aSemántica. _917037 |
| 700 | 1 |
_aMartín Ruiz-Werner, Juan. _977640 |
|
| 830 | 0 | 0 |
_aHumanidades. _pLingüística _v338. _9225322 |
| 852 |
_aES-MaACL _jL-30605 _z. - Donat. Miguel A. Velasco |
||
| 999 |
_c185994 _d185994 |
||